<?xml version="1.0" encoding="UTF-8"?>
<collection xmlns="http://www.loc.gov/MARC21/slim">
    <record>
        <controlfield tag="001">64090</controlfield>
        <controlfield tag="005">20171221155209.0</controlfield>
        <datafield tag="037" ind1=" " ind2=" ">
            <subfield code="a">TAZ-TFG-2017-3195</subfield>
        </datafield>
        <datafield tag="041" ind1=" " ind2=" ">
            <subfield code="a">spa</subfield>
        </datafield>
        <datafield tag="100" ind1="1" ind2=" ">
            <subfield code="a">Val Pascua, Ainhoa</subfield>
        </datafield>
        <datafield tag="242" ind1="0" ind2="0">
            <subfield code="a">Geomorphology and stalagmite record from the B1 Cave (Escuaín, Huesca province)</subfield>
        </datafield>
        <datafield tag="245" ind1="0" ind2="0">
            <subfield code="a">Geomorfología y registro estalagmítico de la cavidad B1 (Escuaín, Huesca)</subfield>
        </datafield>
        <datafield tag="260" ind1=" " ind2=" ">
            <subfield code="a">Zaragoza</subfield>
            <subfield code="b">Universidad de Zaragoza</subfield>
            <subfield code="c">2017</subfield>
        </datafield>
        <datafield tag="500" ind1=" " ind2=" ">
            <subfield code="a">Aporta en secretaría material físico.  Resumen disponible también en inglés. Mi director del TFG, Miguel Bartolome, pertenece al IPE y no me salía como opcines, así que he puesto como director a mi ponente Jesus Guerrero</subfield>
        </datafield>
        <datafield tag="506" ind1=" " ind2=" ">
            <subfield code="a">by-nc-sa</subfield>
            <subfield code="b">Creative Commons</subfield>
            <subfield code="c">3.0</subfield>
            <subfield code="u">http://creativecommons.org/licenses/by-nc-sa/3.0/</subfield>
        </datafield>
        <datafield tag="520" ind1=" " ind2=" ">
            <subfield code="a">B1 Cave is part of Las Fuentes de Escuain karstic system developed in Paleocene-Eocene limestone (internal ranges) in Central Pyrenees. This works shows the study of 425 meters small sub- horizontal gallery of develop and +9m/-2m of gradient. Geomorphological study allowed it recognizes chemical deposits (carbonate deposits) and clastic deposits (falling blocks and fluvial). Moreover, a stalagmite that covers a temporal period between 3601 y BP and 945 y BP has been studied. Mineralogical, textural and geochemical analyses show the presence of aragonite and calcite along the stalagmite. Textural and mineralogical observations point out that aragonite fibers coexisting with neoformic calcite. Age model stabilized with 8 U/Th ages shows changes in growth rate. Thus, aragonite formation took place between ~3500 y BP y 2750 y BP (Bronze-Iron ages transition). Aragonite presence, low growth rate and heavy d13C and d18O isotopic values point out low water availability during this period. These dates are coherent with regional and hemispheric reconstructions</subfield>
        </datafield>
        <datafield tag="521" ind1=" " ind2=" ">
            <subfield code="a">Graduado en Geología</subfield>
        </datafield>
        <datafield tag="540" ind1=" " ind2=" ">
            <subfield code="a">Derechos regulados por licencia Creative Commons</subfield>
        </datafield>
        <datafield tag="700" ind1=" " ind2=" ">
            <subfield code="a">Bartolomé Úcar, Miguel</subfield>
            <subfield code="e">dir.</subfield>
        </datafield>
        <datafield tag="710" ind1="2" ind2=" ">
            <subfield code="a">Universidad de Zaragoza</subfield>
            <subfield code="b">Ciencias de la Tierra</subfield>
            <subfield code="c">Geodinámica Externa</subfield>
        </datafield>
        <datafield tag="720" ind1="2" ind2=" ">
            <subfield code="a">Guerrero Iturbe, Jesús</subfield>
            <subfield code="e">ponente</subfield>
        </datafield>
        <datafield tag="856" ind1="0" ind2=" ">
            <subfield code="f">684062@celes.unizar.es</subfield>
        </datafield>
        <datafield tag="856" ind1="4" ind2=" ">
            <subfield code="s">4160959</subfield>
            <subfield code="u">http://zaguan.unizar.es/record/64090/files/TAZ-TFG-2017-3195.pdf</subfield>
            <subfield code="y">Memoria (spa)</subfield>
        </datafield>
        <datafield tag="856" ind1="4" ind2=" ">
            <subfield code="s">838643</subfield>
            <subfield code="u">http://zaguan.unizar.es/record/64090/files/TAZ-TFG-2017-3195_ANE.pdf</subfield>
            <subfield code="y">Anexos (spa)</subfield>
        </datafield>
        <datafield tag="909" ind1="C" ind2="O">
            <subfield code="o">oai:zaguan.unizar.es:64090</subfield>
            <subfield code="p">driver</subfield>
            <subfield code="p">trabajos-fin-grado</subfield>
        </datafield>
        <datafield tag="950" ind1=" " ind2=" ">
            <subfield code="a"></subfield>
        </datafield>
        <datafield tag="951" ind1=" " ind2=" ">
            <subfield code="a">deposita:2017-12-21</subfield>
        </datafield>
        <datafield tag="980" ind1=" " ind2=" ">
            <subfield code="a">TAZ</subfield>
            <subfield code="b">TFG</subfield>
            <subfield code="c">CIEN</subfield>
        </datafield>
    </record>

    
</collection>